[Event "Prague Summer op-A 8th"]
[Site "Prague"]
[Date "2021.08.11"]
[Round "7"]
[White "Heyne, Lukas"]
[Black "Neukirchner, Pascal"]
[Result "1/2-1/2"]
[WhiteElo "2062"]
[BlackElo "2266"]
[PlyCount "97"]
[EventDate "2021.08.06"]
[EventType "swiss"]
[EventRounds "9"]
[EventCountry "CZE"]
[SourceTitle "CBM 203 Extra"]
[Source "ChessBase"]
[SourceDate "2021.09.30"]
[SourceVersion "1"]
[SourceVersionDate "2021.09.30"]
[SourceQuality "1"]

1. d4 c5 2. d5 g6 3. Nf3 Bg7 4. e4 d6 5. Nfd2 Nf6 6. Nc3 0-0 7. Be2 Na6 8. 0-0 Nc7 9. a4 a6 10. a5 Bd7 11. Na4 Bxa4 12. Rxa4 Rb8 13. Bf3 Nd7 14. c3 Ne5 15. Be2 Nd7 16. Nc4 b5 17. axb6 Nxb6 18. Ra2 Nxc4 19. Bxc4 Rb6 20. Qe2 Qa8 21. Bg5 Re8 22. Rfa1 Qb7 23. Bc1 Ra8 24. h4 Nb5 25. h5 Nxc3 26. bxc3 Bxc3 27. Qc2 Bxa1 28. Rxa1 Rb8 29. Bd3 Rb3 30. hxg6 hxg6 31. e5 Qb4 32. Be3 Qc3 33. Qxc3 Rxc3 34. Bxa6 dxe5 35. Ra4 Ra8 36. Kf1 c4 37. Bb5 Rxa4 38. Bxa4 Ra3 39. Bb5 c3 40. Ke2 e4 41. Kd1 Ra2 42. Be2 Kf8 43. f3 f5 44. fxe4 fxe4 45. g4 Rb2 46. Bc1 Ra2 47. Be3 Rb2 48. Bc1 Ra2 49. Be3 1/2-1/2

[Event "Oberliga Nord W 1415"]
[Site "Germany"]
[Date "2015.03.15"]
[Round "8.6"]
[White "Rother, Moritz"]
[Black "Heyne, Lukas"]
[Result "1-0"]
[WhiteElo "2111"]
[BlackElo "2093"]
[PlyCount "107"]
[EventDate "2014.09.22"]
[EventType "team-tourn"]
[EventRounds "9"]
[EventCountry "GER"]
[SourceTitle "EXT 2016"]
[Source "ChessBase"]
[SourceDate "2015.10.08"]
[SourceVersion "1"]
[SourceVersionDate "2015.10.08"]
[SourceQuality "1"]
[WhiteTeam "Goettingen Tempo"]
[BlackTeam "Delmenhorst"]
[WhiteTeamCountry "GER"]
[BlackTeamCountry "GER"]

1. Nf3 d5 2. c4 c6 3. b3 Nf6 4. Bb2 Bf5 5. g3 e6 6. Bg2 Be7 7. 0-0 0-0 8. d3 h6 9. Nbd2 a5 10. a3 Na6 11. Qc2 Qb6 12. h3 Rfd8 13. Rab1 Nc5 14. Bd4 Qc7 15. cxd5 cxd5 16. Rfc1 Rdc8 17. Qb2 Qd6 18. Be5 Qb6 19. g4 Bg6 20. Bd4 Qd6 21. Ne5 Bh7 22. Ndf3 Na6 23. Rxc8+ Rxc8 24. g5 Nh5 25. gxh6 gxh6 26. Qd2 Bf8 27. Nh2 f5 28. Bf3 Nf6 29. Kh1 Rc7 30. Rg1+ Rg7 31. Rxg7+ Bxg7 32. Qxa5 Ne8 33. Qc3 Qxa3 34. Qc8 Nac7 35. Bh5 Qc1+ 36. Kg2 Qg5+ 37. Kf1 Qxh5 38. Nhf3 Qxh3+ 39. Ke1 Qh5 40. Bb6 Bf8 41. Bxc7 Nxc7 42. Qxc7 Bb4+ 43. Kd1 Qh1+ 44. Kc2 Qa1 45. Qf7+ Kh8 46. Qf6+ Kg8 47. Qxe6+ Kg7 48. Qf7+ Kh8 49. Qf6+ Kg8 50. Qd8+ Kg7 51. Qd7+ Kh8 52. Nf7+ Kg8 53. Qe8+ Kg7 54. Qh8+ 1-0

[Event "Bremen-ch op"]
[Site "Bremen"]
[Date "2012.04.07"]
[Round "9"]
[White "Heyne, Lukas"]
[Black "Pienski, Olaf"]
[Result "1-0"]
[WhiteElo "1996"]
[BlackElo "2104"]
[PlyCount "45"]
[EventDate "2012.03.31"]
[EventType "swiss"]
[EventRounds "9"]
[EventCountry "GER"]
[SourceTitle "EXT 2022"]
[Source "ChessBase"]
[SourceDate "2021.10.06"]
[SourceVersion "1"]
[SourceVersionDate "2021.10.06"]
[SourceQuality "1"]

1. e4 e6 2. d4 d5 3. Nc3 Bb4 4. e5 c5 5. Bd2 Nh6 6. Nb5 Bxd2+ 7. Qxd2 0-0 8. dxc5 Nd7 9. Qc3 f6 10. exf6 Nxf6 11. Nd6 Nf5 12. Nxf5 exf5 13. 0-0-0 Be6 14. Nh3 Ne4 15. Qe5 Qe7 16. Nf4 Nxf2 17. Qxe6+ Qxe6 18. Nxe6 Nxh1 19. Nxf8 Nf2 20. Rxd5 Rxf8 21. Bc4 Kh8 22. Rd7 Rb8 23. Bd5 1-0

[Event "Bremen-ch op"]
[Site "Bremen"]
[Date "2012.04.01"]
[Round "3"]
[White "Peters, Frank"]
[Black "Heyne, Lukas"]
[Result "1-0"]
[WhiteElo "2173"]
[BlackElo "1996"]
[PlyCount "60"]
[EventDate "2012.03.31"]
[EventType "swiss"]
[EventRounds "9"]
[EventCountry "GER"]
[SourceTitle "EXT 2022"]
[Source "ChessBase"]
[SourceDate "2021.10.06"]
[SourceVersion "1"]
[SourceVersionDate "2021.10.06"]
[SourceQuality "1"]

1. c4 e5 2. g3 Nc6 3. Bg2 d6 4. Nc3 Be6 5. d3 Nge7 6. Nd5 Qd7 7. e3 Nd8 8. d4 exd4 9. Qxd4 Ndc6 10. Qc3 Ne5 11. e4 f6 12. f4 Nf7 13. Nf3 c6 14. Ne3 Qc7 15. 0-0 0-0-0 16. Nc2 Kb8 17. Be3 f5 18. Ncd4 Bc8 19. exf5 Bxf5 20. Qa3 a6 21. Bf2 g6 22. Rfe1 Bg7 23. Qe3 Nc8 24. Nxf5 gxf5 25. Nd4 Bxd4 26. Qxd4 Rhe8 27. Qf6 Qd7 28. Bh3 Rxe1+ 29. Rxe1 Re8 30. Rxe8 Qxe8 1-0

[Event "EU-chT U18"]
[Site "Iasi"]
[Date "2011.07.16"]
[Round "2.5"]
[White "Lupascu, Matei Alexandru"]
[Black "Heyne, Lukas"]
[Result "1-0"]
[WhiteElo "1954"]
[BlackElo "2011"]
[PlyCount "109"]
[EventDate "2011.07.15"]
[EventType "team-swiss"]
[EventRounds "7"]
[EventCountry "ROU"]
[SourceTitle "CBM 143 Extra"]
[Source "ChessBase"]
[SourceDate "2011.08.29"]
[SourceVersion "1"]
[SourceVersionDate "2011.08.29"]
[SourceQuality "1"]
[WhiteTeam "Romania U18 III"]
[BlackTeam "Germany U18"]
[WhiteTeamCountry "ROU"]
[BlackTeamCountry "GER"]

1. d4 d5 2. c4 c6 3. Nc3 Nf6 4. e3 a6 5. Bd3 b5 6. c5 g6 7. Nf3 Nbd7 8. 0-0 Bg7 9. b3 e5 10. Nxe5 Nxe5 11. dxe5 Nd7 12. f4 Nxc5 13. Bc2 a5 14. Bb2 0-0 15. Ne2 Bg4 16. h3 Bxe2 17. Qxe2 f5 18. Rac1 Ne6 19. Bd3 Qb6 20. Kh2 Rf7 21. g4 Raf8 22. gxf5 gxf5 23. Rg1 Kh8 24. Rg3 d4 25. Qf3 c5 26. exd4 Nxd4 27. Bxd4 cxd4 28. Rc6 Qb7 29. Rd6 Qxf3 30. Rxf3 Re7 31. Bxb5 Rxe5 32. Bd3 Rc5 33. Rd7 Rc3 34. Rg3 Re8 35. Bxf5 Rxg3 36. Kxg3 Kg8 37. Kg4 Re2 38. a4 Re3 39. Bc2 Rc3 40. Be4 Rc8 41. Bd5+ Kh8 42. Bc4 Bf6 43. Kf5 Rd8 44. Ra7 Bh4 45. Ke4 Be1 46. f5 Re8+ 47. Be6 Rd8 48. Kd3 Bc3 49. f6 Rf8 50. Bf7 Be1 51. Ke4 Bh4 52. Ke5 d3 53. Rd7 h6 54. Ke6 Rb8 55. Kf5 1-0

[Event "GER-ch Net final U18"]
[Site "Playchess.com INT"]
[Date "2011.05.18"]
[Round "4"]
[White "Heyne, Lukas"]
[Black "Frischmann, Rick"]
[Result "0-1"]
[WhiteElo "2012"]
[BlackElo "2002"]
[PlyCount "48"]
[EventDate "2011.05.18"]
[EventType "swiss (blitz)"]
[EventRounds "9"]
[EventCountry "GER"]
[SourceTitle "CBM 142 Extra"]
[Source "ChessBase"]
[SourceDate "2011.06.27"]
[SourceVersion "1"]
[SourceVersionDate "2011.06.27"]
[SourceQuality "1"]

1. e4 c5 2. Nc3 e6 3. Bc4 g6 4. f4 Bg7 5. Nf3 Ne7 6. d3 Nbc6 7. 0-0 d6 8. Qe1 Nd4 9. Nxd4 cxd4 10. Ne2 0-0 11. Qh4 d5 12. Bb3 dxe4 13. dxe4 b6 14. Bd2 d3 15. Nc3 dxc2 16. Qf2 Ba6 17. Rfe1 Rc8 18. Bxc2 Bd4 19. Be3 Bxc3 20. bxc3 Rxc3 21. Bd4 Rxc2 22. Qxc2 Qxd4+ 23. Kh1 Rc8 24. Qa4 Qxa4 0-1

[Event "GER-ch Net final U18"]
[Site "Playchess.com INT"]
[Date "2011.05.18"]
[Round "2"]
[White "Heyne, Lukas"]
[Black "Henrotte, Nils"]
[Result "0-1"]
[WhiteElo "2012"]
[BlackElo "1613"]
[PlyCount "82"]
[EventDate "2011.05.18"]
[EventType "swiss (blitz)"]
[EventRounds "9"]
[EventCountry "GER"]
[SourceTitle "CBM 142 Extra"]
[Source "ChessBase"]
[SourceDate "2011.06.27"]
[SourceVersion "1"]
[SourceVersionDate "2011.06.27"]
[SourceQuality "1"]

1. e4 e6 2. d4 d5 3. Nc3 Bb4 4. e5 c5 5. Bd2 cxd4 6. Nb5 Bxd2+ 7. Qxd2 Nc6 8. f4 Bd7 9. Nf3 Nge7 10. Nd6+ Kf8 11. Bd3 Nc8 12. Nb5 Qb6 13. a4 a6 14. a5 axb5 15. 0-0 Rxa5 16. b4 Rxa1 17. Rxa1 h5 18. Qe1 Rh6 19. h3 N8a7 20. g4 hxg4 21. hxg4 Kg8 22. Kg2 g6 23. Qd2 Rh7 24. Ng5 Rh6 25. Nf3 Rh8 26. Rf1 Ne7 27. Ng5 Kf8 28. Qe1 Ng8 29. f5 gxf5 30. gxf5 exf5 31. e6 fxe6 32. Qe5 Rh6 33. Kg3 Nf6 34. Bxf5 exf5 35. Qb8+ Nc8 36. Re1 Ne4+ 37. Nxe4 Qg6+ 38. Kf4 Qg4+ 39. Ke5 Re6+ 40. Kxd5 fxe4 41. Kc5 Qf5+ 0-1

[Event "GER-ch Net qual4 U18"]
[Site "Playchess.com INT"]
[Date "2011.05.11"]
[Round "2"]
[White "Heyne, Lukas"]
[Black "Kaphle, Sebastian"]
[Result "1/2-1/2"]
[WhiteElo "1905"]
[BlackElo "2169"]
[PlyCount "109"]
[EventDate "2011.05.11"]
[EventType "swiss (blitz)"]
[EventRounds "7"]
[EventCountry "GER"]
[SourceTitle "CBM 142 Extra"]
[Source "ChessBase"]
[SourceDate "2011.06.27"]
[SourceVersion "1"]
[SourceVersionDate "2011.06.27"]
[SourceQuality "1"]

1. e4 c5 2. Nc3 Nc6 3. Bc4 e6 4. d3 g6 5. f4 Bg7 6. Nf3 Nge7 7. 0-0 0-0 8. Qe1 d5 9. Bb3 Nd4 10. Qh4 Nxf3+ 11. Rxf3 d4 12. Rh3 h6 13. Ne2 Nc6 14. Qg4 a5 15. a4 Kh7 16. Ng3 f5 17. Qf3 Re8 18. Bd2 Bd7 19. Re1 Nb4 20. exf5 exf5 21. Qxb7 Rxe1+ 22. Bxe1 Bc6 23. Qf7 Bd5 24. Bxd5 Nxd5 25. Nxf5 gxf5 26. Rg3 Qf6 27. Rxg7+ Qxg7 28. Qxd5 Re8 29. Qxf5+ Kh8 30. Bh4 Rf8 31. Qe5 Qxe5 32. fxe5 Rb8 33. b3 Kg8 34. Kf2 Kf7 35. Kf3 Ke6 36. Ke4 Rg8 37. g3 h5 38. h3 Rf8 39. Bf6 Rg8 40. Kf4 Kf7 41. g4 hxg4 42. hxg4 Ke6 43. g5 Rg6 44. Kg4 Rg8 45. Kh5 Kf5 46. Kh6 Ke6 47. g6 Kf5 48. Kh7 Rxg6 49. Bh8 Re6 50. Kg8 Kg6 51. Kf8 Kf5 52. Kf7 Rb6 53. Bf6 Re6 54. Kf8 Rc6 55. Kf7 1/2-1/2

[Event "Niedersachsen-ch"]
[Site "Verden"]
[Date "2011.01.03"]
[Round "3"]
[White "Heyne, Lukas"]
[Black "Gutman, Lev"]
[Result "0-1"]
[WhiteElo "1899"]
[BlackElo "2424"]
[PlyCount "42"]
[EventDate "2011.01.02"]
[EventType "swiss"]
[EventRounds "7"]
[EventCountry "GER"]
[SourceTitle "EXT 2018"]
[Source "ChessBase"]
[SourceDate "2017.10.13"]
[SourceVersion "1"]
[SourceVersionDate "2017.10.13"]
[SourceQuality "1"]

1. e4 c5 2. Nf3 d6 3. d4 cxd4 4. Nxd4 Nf6 5. Nc3 a6 6. Qf3 g6 7. h3 Bg7 8. Be3 Bd7 9. 0-0-0 Bc6 10. g4 Nbd7 11. Nxc6 bxc6 12. Qg3 Rb8 13. Bg2 Qa5 14. Bf4 0-0 15. a3 Nb6 16. Qd3 Nfd7 17. Bf1 Nc5 18. Qd2 Nba4 19. Nxa4 Qxa4 20. e5 Ne6 21. Bg3 dxe5 0-1

[Event "Niedersachsen-ch"]
[Site "Verden"]
[Date "2011.01.02"]
[Round "1"]
[White "Heyne, Lukas"]
[Black "Renner, Kai"]
[Result "0-1"]
[WhiteElo "1899"]
[BlackElo "2184"]
[PlyCount "58"]
[EventDate "2011.01.02"]
[EventType "swiss"]
[EventRounds "7"]
[EventCountry "GER"]
[SourceTitle "EXT 2018"]
[Source "ChessBase"]
[SourceDate "2017.10.13"]
[SourceVersion "1"]
[SourceVersionDate "2017.10.13"]
[SourceQuality "1"]

1. e4 e6 2. d4 d5 3. Nc3 Bb4 4. e5 c5 5. Bd2 Ne7 6. Nb5 Bxd2+ 7. Qxd2 0-0 8. 0-0-0 a6 9. Nd6 cxd4 10. Nf3 Nbc6 11. Qe1 Ng6 12. Nxc8 Rxc8 13. Bd3 Ngxe5 14. Nxe5 Qg5+ 15. Kb1 Nxe5 16. Bf1 Qf5 17. Rd2 Rc6 18. f3 Rfc8 19. Qd1 Nc4 20. Bxc4 Rxc4 21. Re1 e5 22. Qe2 f6 23. g3 R8c6 24. f4 Rxc2 25. Rxc2 d3 26. Rxc6 dxe2+ 27. Rc2 d4 28. Kc1 d3 29. Rc3 exf4 0-1

[Event "EU-chT U18 10th"]
[Site "Pardubice"]
[Date "2010.07.19"]
[Round "5.4"]
[White "Tuma, Jakub"]
[Black "Heyne, Lukas"]
[Result "1/2-1/2"]
[WhiteElo "2320"]
[BlackElo "1826"]
[PlyCount "113"]
[EventDate "2010.07.15"]
[EventType "team-tourn"]
[EventRounds "7"]
[EventCountry "CZE"]
[SourceTitle "EXT 2020"]
[Source "ChessBase"]
[SourceDate "2019.10.17"]
[SourceVersion "1"]
[SourceVersionDate "2019.10.17"]
[SourceQuality "1"]
[WhiteTeam "Czech Republic U18"]
[BlackTeam "Germany U18"]
[WhiteTeamCountry "CZE"]
[BlackTeamCountry "GER"]

1. e4 c5 2. Nf3 Nc6 3. Nc3 e6 4. d4 cxd4 5. Nxd4 Nf6 6. Ndb5 Bb4 7. a3 Bxc3+ 8. Nxc3 d5 9. exd5 exd5 10. Bd3 0-0 11. 0-0 d4 12. Ne2 Bg4 13. f3 Bh5 14. Nf4 Bg6 15. Nxg6 hxg6 16. f4 Ne7 17. Qf3 Qd5 18. Bd2 Rfe8 19. Rae1 Qxf3 20. Rxf3 Nf5 21. Re5 Ng4 22. Rb5 b6 23. h3 Nf6 24. g4 Nd6 25. Rb4 Nde4 26. Be1 Rad8 27. g5 Nh5 28. Kf1 Rd6 29. a4 Rd5 30. Rb5 Rxb5 31. Bxb5 Rc8 32. c4 Rd8 33. Bc6 Nd6 34. Bd5 Rc8 35. b3 Re8 36. a5 Nf5 37. axb6 axb6 38. Bf2 Re7 39. b4 Rc7 40. Ke2 Re7+ 41. Kd3 Ra7 42. Bxd4 Ra3+ 43. Bc3 Kf8 44. c5 bxc5 45. bxc5 Ra4 46. Be5 f6 47. Bb8 Rd4+ 48. Kc3 Rxd5 49. Kc4 Rd8 50. Bc7 Rc8 51. Bb6 Ne7 52. Kb5 Ke8 53. Ka6 Ra8+ 54. Kb7 Ra4 55. gxf6 gxf6 56. c6 Nxc6 57. Kxc6 1/2-1/2

[Event "EU-chT U18 10th"]
[Site "Pardubice"]
[Date "2010.07.18"]
[Round "4.2"]
[White "Heyne, Lukas"]
[Black "Lorand, Norbert"]
[Result "0-1"]
[WhiteElo "1826"]
[BlackElo "2364"]
[PlyCount "42"]
[EventDate "2010.07.15"]
[EventType "team-tourn"]
[EventRounds "7"]
[EventCountry "CZE"]
[SourceTitle "EXT 2020"]
[Source "ChessBase"]
[SourceDate "2019.10.17"]
[SourceVersion "1"]
[SourceVersionDate "2019.10.17"]
[SourceQuality "1"]
[WhiteTeam "Germany U18"]
[BlackTeam "Hungary U18"]
[WhiteTeamCountry "GER"]
[BlackTeamCountry "HUN"]

1. e4 c5 2. Nf3 d6 3. d4 cxd4 4. Nxd4 Nf6 5. Nc3 a6 6. Be3 e5 7. Nb3 Be7 8. f3 Be6 9. Qd2 0-0 10. 0-0-0 a5 11. g4 a4 12. Na1 Nbd7 13. h4 Nb6 14. h5 d5 15. g5 d4 16. Qh2 Nfd7 17. g6 h6 18. Bxh6 gxh6 19. gxf7+ Rxf7 20. Rg1+ Bg5+ 21. f4 Rxf4 0-1

[Event "GER-ch Net final U14"]
[Site "Playchess.com INT"]
[Date "2009.06.21"]
[Round "2"]
[White "Barzen, Pascal"]
[Black "Heyne, Lukas"]
[Result "1-0"]
[WhiteElo "1868"]
[BlackElo "1806"]
[PlyCount "75"]
[EventDate "2009.06.21"]
[EventType "swiss (blitz)"]
[EventRounds "7"]
[EventCountry "GER"]
[SourceTitle "CBM 130 Extra"]
[Source "ChessBase"]
[SourceDate "2009.07.02"]
[SourceVersion "2"]
[SourceVersionDate "2009.07.15"]
[SourceQuality "1"]

1. e4 c5 2. Nc3 e6 3. Nge2 Ne7 4. g3 g6 5. Bg2 Bg7 6. 0-0 0-0 7. d3 Nbc6 8. Be3 d6 9. d4 cxd4 10. Nxd4 Bd7 11. Ndb5 Bxc3 12. Nxc3 Nc8 13. Nb5 Qe7 14. f4 a6 15. Nd4 Rd8 16. f5 e5 17. Ne2 Qf8 18. c4 gxf5 19. exf5 N8e7 20. g4 f6 21. Qxd6 Bxf5 22. Qc5 Bxg4 23. Ng3 f5 24. h3 Bxh3 25. Bxh3 Qg7 26. Kh2 f4 27. Rg1 fxg3+ 28. Rxg3 Ng6 29. Bf5 Nce7 30. Be4 Rf8 31. Rag1 Rac8 32. Qb6 Rxc4 33. Bxg6 hxg6 34. Qe6+ Qf7 35. Rxg6+ Nxg6 36. Rxg6+ Kh8 37. Qxe5+ Kh7 38. Qh5# 1-0

[Event "GER-ch Net final U14"]
[Site "Playchess.com INT"]
[Date "2009.06.21"]
[Round "1"]
[White "Heyne, Lukas"]
[Black "Miller, Eduard"]
[Result "0-1"]
[WhiteElo "1806"]
[BlackElo "1783"]
[PlyCount "54"]
[EventDate "2009.06.21"]
[EventType "swiss (blitz)"]
[EventRounds "7"]
[EventCountry "GER"]
[SourceTitle "CBM 130 Extra"]
[Source "ChessBase"]
[SourceDate "2009.07.02"]
[SourceVersion "2"]
[SourceVersionDate "2009.07.15"]
[SourceQuality "1"]

1. e4 c5 2. Nc3 d6 3. Bc4 Nf6 4. f4 e6 5. Nf3 Be7 6. d3 Nc6 7. 0-0 a6 8. a4 d5 9. Bb3 0-0 10. Qe1 d4 11. Ne2 h6 12. Qg3 Nh5 13. Qg4 Nf6 14. Qg3 Kh7 15. Ne5 Nxe5 16. fxe5 Nd7 17. Bf4 g5 18. Bd2 Qc7 19. Bxe6 fxe6 20. Rxf8 Nxf8 21. Qf3 Qxe5 22. Ng3 Bd7 23. Nh5 Be8 24. g4 Ng6 25. Rf1 Nh4 26. Qf2 Bxh5 27. gxh5 Rf8 0-1